000 00279nam a22001337a 4500
008 170503b xxu||||| |||| 00| 0 eng d
020 _aREICCOR0200
041 _aeng
080 _a34
100 _a13
101 _ashj
245 _aCORECTIONS
_cREICHELL.P.L
942 _2udc
_cBK
999 _c12523
_d12523